Statystyki dla Trenerzy Reprezentacji Polski

Kliknij tutaj aby rozwiązać quiz!

Ogólne statystyki

  • Ten quiz został rozwiązany 454 razy
  • Średni wynik to 7 z 15

Statystyki odpowiedzi

Lata pracyOdpowiedź% Poprawnych
2013-2018Adam Nawałka
98%
2018-Jerzy Brzęczek
91%
2009-2012Franciszek Smuda
89%
2002Zbigniew Boniek
79%
2012-2013Waldemar Fornalik
76%
2000-2002Jerzy Engel
57%
2003-2006Paweł Janas
56%
2006-2009Leo Beenhakker
54%
2009Stefan Majewski
37%
1997-1999Janusz Wójcik
36%
1994-1995Henryk Apostel
15%
1986-1989Wojciech Łazarek
9%
1991,1993Lesław Ćmikiewicz
8%
1997Krzysztof Pawlak
7%
1996Władysław Stachurski
7%

Rozkład punktacji

Percentyl według liczby udzielonych odpowiedzi

Procent ludzi z każdym wynikiem

Twoja historia wyników

Nie rozwiązałeś tego quizu